LEADER 01181nam a2200217 i 4500 001 000000167533 003 CaOOAMICUS 005 20071210000000.0 008 071210s2000 it u000 u ita u 013 $a144923 040 $aSeMil$bita 110 2 $aArcidiocesi di Milano.$0(OLS)http://semarc/name/400 245 13$aLa comunità e i suoi consigli :$bsussidio in preparazione alla costituzione dei Consigli parrocchiali pastorali e per gli affari economici e dei Consigli pastorali decanali per il quinquennio 2001-2006 /$cArcidiocesi di Milano. 260 $aMilano :$bCentro Ambrosiano,$c2000. 300 $a77 p. ;$c24 cm. 650 4$aConsiglio pastorale parrocchiale.$0(OLS)http://semarc/subject/9189 850 $aSeMil 852 $aSeMil$W1$xVenegono$y1$m5B III 19/6$j118684$B118684$CSeMilBibl$Z2$F129754 $81 961 $aOmaggio: Altro 996 $6245$aLa comunità e i suoi consigli :$bsussidio in preparazione alla costituzione dei Consigli parrocchiali pastorali e per gli affari economici e dei Consigli pastorali decanali per il quinquennio 2001-2006$9(OLS)http://semarc/title/239650 996 $6260$aMilano :$bCentro Ambrosiano$9(OLS)http://semarc/publisher/29766 LEADER 00578nam a2200169 i 4500 001 000000243919 003 CaOOAMICUS 005 20150724000000.0 008 150724s1894 it u000 u ita u 013 $a222824 040 $aSeMil$bita 245 10$aVol. 1. 300 $aX, 396 p. 773 0 $aBourdaloue, Louis $tDomenicali.$dTorino : Tipografia S. Giuseppe degli Artigianelli, 1894-1895.$g1$w()32269 850 $aSeMil 852 $aSeMil$W1$xVenegono$y1$m3F III 279 FA$j194265$B194265$CSeMilBibl$Z2$F204877 $8I 996 $6245$aVol. 1$9(OLS)http://semarc/title/13429